| 000 | 01131ngm a22003250a 4500 | ||
|---|---|---|---|
| 001 | PT16546 | ||
| 003 | AR-LpoUNG | ||
| 005 | 20210202000213.0 | ||
| 007 | vd cvaizq | ||
| 008 | 191001s2001||||ag |||||||||||||||||spa d | ||
| 037 | _c$8.30 | ||
| 040 |
_aAR-LpoUNG _bspa _cAR-LpoUNG _eaacr |
||
| 041 | _aspa | ||
| 044 | _aag | ||
| 082 | 0 | _a909 532v16 | |
| 245 | 1 | 3 |
_aEl absolutismo : _babsolutismo y contrato social |
| 260 |
_aBuenos Aires : _bKalender Video Argentina, _c2001. |
||
| 300 | _aVHS (56 min.) : son., byn, col. | ||
| 520 | _aLa época del absolutismo es un período de historia sin cambio, aunque las tensiones en todo el continente resueltas en forma precaria preanunciaban cambios profundos. Era el principio del industrialismo y la vida diaria daba más comodidades a los poderosos y más carencias a los idefensos. | ||
| 650 | 4 | _aESTADO | |
| 650 | 4 | _aHISTORIA SOCIAL | |
| 650 | 4 | _aINDUSTRIALIZACION | |
| 650 | 4 | _aSISTEMAS POLITICOS | |
| 650 | 4 | _aSOCIEDAD | |
| 653 | _aVIDEOS | ||
| 653 | _aVIDEOS DIDACTICOS | ||
| 710 | 2 | _aMetropolitan Museum of Art (New York) | |
| 905 | _a16546 | ||
| 942 | _cVIDEO | ||
| 999 |
_c54328 _d54328 |
||